000 00566nam a2200193 u 4500
001 000004105
003 AM-YeHGA
005 20250617163505.0
008 021202s1938 ai r 000 0 rus d
040 _aAM-YeHGA
100 1 _aБоргенс, В.
245 1 0 _aЧапаев /
_cВ. Боргенс.
260 _aМосква :
_bВоениздат,
_c1938.
300 _a71 с.
440 0 _aБиблиотека красноармейца
600 1 4 _aЧапаев, Василий Иванович
650 1 4 _aВоенное дело
090 _c510931
999 _c507505
_d507505